Statistics for Guess the song from Jala Brat and Buba Corelli by text #2

Click here to take the quiz!

General Stats

  • This quiz has been taken 6 times
  • The average score is 18 of 44

Answer Stats

HintAnswer% Correct
I sipaj, sipaj, ako sama je spavala, yah
I sipam, sipam, ako znam da je sanjala, yah....
10 do 2
100%
Leti avionom, al' nikad sebi nije platila let
I kô lopov u sitne sate, svrati i uzme ti sve....
Balenciaga
100%
Ona drugog grli, ljubi, ritam mrvi me, e-yeah
Crna Gucci torba, grmi tozla, Louis belt, sve....
Gluh i nijem
100%
Mnoge ubila je kao iz tetejca
I đavo kad je vidi u nogama kleca....
Kamikaza
100%
Ja sam odavno bacio sve karte na sto
A oko tebe sve me podsjeća na fijasko....
Karantin
100%
Došla bi sama kô vrag prije svitanja
Nafurana na blef i bez pitanja....
Padam
100%
A ona bi u krilu mom da slika se i snima
Ona bi u krilu svom da sina moga nina....
S.O.S
100%
Ne treba nam plan B, plan B
Mi smo savršen tandem, kombo....
Zove Vienna
100%
Yeah, suze u oku, moji ljudi tu su na bloku
Moje rane tu su na tijelu, moja braća tu su na oku....
22
50%
Pun klub, sto pun Grey Goosea
Sto posto lud, oko mene pet guza....
Bad
50%
Ja petnaest soma, bona, bebo, pukô sam na čuku, je
Kajla moja - tozla bijelo, koštala me bruku je....
Bebi
50%
Živim, al' ne postojim, bio sam previše mlad
Nisam mogao znat' da ću izgubit' to što volim....
Bez tebe
50%
Nekada bio svega željan, sad avion, biznis klasa
Živim ga kô šef kartela, lagano se dimi zaza....
Da li si me
50%
Čuo sam da plačes i da boli te sve
Kad si čuo da sam dao sto milja na VVS....
Dostojevski
50%
Stvoren sam, ba, da vladam, a ne da služim
Ulazim s' polu-golom malom u jacuzzi....
Fetis
50%
Tvoja mala me je prepoznala čim sam uš'o, bro
Zapitala se odma' kako li izgledam go....
Gabriela Sabatini
50%
Rolamo kombi, dva druga s par bombi
Iz hooda kô zombi izlazim da te zarobim (Stani!)....
Hrsuz
50%
Porsche Panamera flow, Buba Corelli Ferrari
Pravimo nevjerovatan show, mogu da ga pu*e kritičari....
Kalashnikov
50%
Ne gubim glavu za njom nema fajde
Da idem odavde nemam kuda, zato 'ajde....
La Martina
50%
Mala lijepa, ljepša noćas od bilo koje
Dekolte namješta, miješa, lete "stoje"....
Mala lomi
50%
S kojeg je kontinenta? Ima osmijeh božanski
Sija bez konkurenta, s tim vrlinama damskim....
Monika
50%
Spajam svijetove, stvaram simfonije, Beethoven
Hvatam letove, karam maloljetne? Ne, to ne....
Muzika sa Alipasina
50%
Na meni Gucci pullover, novi džip, džep pun love
A juče nisi znala ko je dečko kojeg bi sve među noge svoje....
Pablo
50%
Ima neki fetiš, voli me zvati tata
Uhvatim je za kosu, vučem do bankomata....
Pleši
50%
Plovimo preko beata, ba, bos ja hodam po britvama
Pucam po nitnama, ti si sitna ki*a mlitava....
Savrsen zlocin
50%
Ja dobro znam gdje si, kad i s kim, još uvijek mi nije nebitno
S tobom tražio sam samo mir, zar je to stvarno toliko sebično?....
Stari radio
50%
Corelli endem, blagoslovljen k'o Zemzem
Ti bit ćeš nagu*en za tren, ovo je gang*ang....
Ulice nas vole
50%
Ko-ko prokleta, podiže iz kome, kukovi lome, ne ide bilo kome
Van dometa, Andromeda, neće da ometa, ali kad nazove....
Aisha
0%
Ima dupe kô da je SLS Coupe
Ruke mi se tresu, žele to jako da lupe....
Benz
0%
Njeno tijelo na mom, zidovi su obasjani sjenama iz raja
I oboje to znamo, dosla si nenadano....
Deus ex machina
0%
Naviru suze, al' jak sam, majko, kao otac
Neću plakat' noćaš, noćaš moram pravit' novac....
Dom
0%
EASYEASY
0%
HARDHARD
0%
Mahala vari, sva mahala vari, pa poletim iznad Sarajeva
Hari Mata Hari, znaju me trotuari, betonska džungla safari....
Haris Export
0%
IMPOSSIBLEIMPOSSIBLE
0%
Ti si kô med, ti si kô mlijeko, ti si kô nešto lijepo i rijetko
Ti si kô džuma petkom, dumam seko....
Katarina
0%
Bebi, ti si sjaj, zna te kraj
A ti voliš to kad tvoj sam sav....
Mat
0%
Balkan i latino gang, biznis klasa za Pari'
Ti si jaka kao Bog, ne smije ništa zafalit'....
MBM
0%
MEDIUMMEDIUM
0%
Čuvaj pajsera se (hmmm), vi baš nasjedate na sve (jel)
Slomiću ti bratu vrat kad svratim u gradu uppercut u bradu (bro)....
Nemos se kacit sa nama
0%
Ovo, ovo pravio Cora je, ti ne znaš šta znači, naći, način
Da text bacim na beat, ja sam jedan od jačih
Party
0%
Ne gledam nazad, ne slušam svakog
Kad si iznutra prazan, je*o pare i zlato....
Replay
0%
Reperi mi govore prikazo, stvaram djela
prije svog vremena, Picasso....
Uberi nam gram
0%
Na tebi i prsten i bijeli veo, al' mene nema jer te ima on
Na vratima ponora stojim uveo, drugi sad ima što sam imao....
Zvezde placu za nama
0%

Score Distribution

Percentile by Number Answered

Percent of People with Each Score

Your Score History

You have not taken this quiz